00368nam a2200121Ia 4500082001900000245004100019260004200060300001200102440005100114650003500165650001700200700002900217 aRR 323.03 REG- 0aRegional instruments of human rights aNew DelhibDiscovery Publishingc2001 aix, 417 aInternational encyclopaedia of Human rights; 2 aEncyclopedias and dictionaries aHuman rights aRao, Digumarti Bhaskara